000 00797nam a22002777a 4500
001 BR6200096
003 BR-BrBNA
005 20230928083402.0
007 ta
008 230509b bl.||||| |||| 00| 0 por d
040 _aBR-BrBNA
_bpor
_cBiblioteca Nacional de Agricultura
041 _a(Por)
072 _aL30
_b6700
_b/G514
090 _ 6700 BR6200096
100 1 _aJimbo, S.
110 1 _aInstituto de Botanica, Sao Paulo, SP (Brasil)
245 1 _aA flora na alimentacao das aves brasileiras [Tinamus Solitarius vieillot; Macuco]
260 3 _aSao Paulo, SP (Brasil):
_c1962.
300 _a16 p.
500 _a6 tables; Summaries (Eng, Por)
650 _aNutricao animal
650 _aMacuco
650 _aAve ornamental
909 _a202309
_bLucia
_c55
_dLucia Elande
942 _cBK
999 _c13180
_d13180